000 00462nam a2200145 a 4500
001 000033204
005 20200930070109.0
008 110822s1986 dr 000 0 spa d
040 _aDO-SdBNP
_bspa
_cBNPHU
100 1 _aAna Concepción, Patria Quisqueya
_958843
245 1 0 _aImágenes en el camino /
_cPatria Quisqueya Ana Concepción.
260 _aLa Vega, República Dominicana,
_cEditora Nivar
_c1986.
300 _a244 p. ; :
_bil. ;
_c22 cm.
049 _aBNPD
999 _c32695
_d32695